Introducción a la oceanografía general
שמור ב:
| מחבר ראשי: | |
|---|---|
| פורמט: | ספר |
| שפה: | ספרדית |
| יצא לאור: |
Buenos Aires
EUDEBA
1970
|
| סדרה: | Manuales EUDEBA. Ciencias naturales
|
| נושאים: | |
| תגים: |
הוספת תג
אין תגיות, היה/י הראשונ/ה לתייג את הרשומה!
|
MARC
| LEADER | 00000nam a2200000 a 4500 | ||
|---|---|---|---|
| 001 | UCV4900 | ||
| 003 | CL-VaPUC | ||
| 008 | 901022e19700000AG |||||||||||||||||spa|d | ||
| 082 | 0 | 4 | |a 551.46 |b PAN |2 21 |
| 100 | |a Panzarini, Rodolfo N. |e autor |9 299088 | ||
| 245 | 1 | 0 | |a Introducción a la oceanografía general |
| 300 | |a 195 p | ||
| 942 | |c BK | ||
| 945 | |d 19901022 00:00:00 | ||
| 260 | |a Buenos Aires |b EUDEBA |c 1970 | ||
| 650 | 7 | |a OCEANOGRAFIA MANUALES |2 CL-VaPUC |9 299089 | |
| 583 | |a last modification |c 19901022 00:00:00 |k Rodrigo Vera | ||
| 490 | 0 | |a Manuales EUDEBA. Ciencias naturales | |
| 999 | |c 211535 |d 211533 | ||
| 952 | |0 0 |1 0 |2 ddc |4 0 |6 551_460000000000000_PAN_1970 |7 0 |8 A |9 191118 |a BIBCUR |b BIBCUR |d 2019-11-14 |i 2587408 |o 551.46 PAN 1970 |p 2587408 |r 2025-04-22 |w 2019-11-14 |y BK |k CIM | ||
| 952 | |0 0 |1 0 |4 0 |6 551_460000000000000_PAN_1970 |7 0 |8 A |9 191119 |a BIBING |b BIBING |d 2019-11-14 |i 1659464 |l 1 |o 551.46 PAN 1970 |p 1659464 |r 2023-03-02 |s 2022-03-17 |w 2019-11-14 |y BK |k GEO | ||